000 00728cam a22002533a 4500
001 5888
003 PGUSA
005 20140828083125.0
008 040601s2004||||xxu|||||s|||||000 | eng d
040 _aPGUSA
_beng
042 _adc
050 4 _aHV
100 1 _aVaknin, Samuel,
_d1961-
245 1 0 _aCrime and Corruption
_h[electronic resource] /
_cSamuel Vaknin
260 _bProject Gutenberg,
_c2004
506 _aCopyrighted. Read the copyright notice inside this book for details.
516 _aElectronic text
653 _aMoney laundering
653 _aCommercial crimes
700 1 _aRangelovska, Lidija
830 0 _aProject Gutenberg
_v5888
856 4 0 _uhttp://www.gutenberg.org/ebooks/5888
942 _cEB
999 _c235216
_d235216